|
|
|
|
| LEADER |
02017cas a2200241 a 4500 |
| 001 |
AALejournalIMF000208 |
| 008 |
230101c9999 xx r poo 0 0eng d |
| 020 |
|
|
|c 5.00 USD
|
| 020 |
|
|
|z 9781451856392
|
| 022 |
|
|
|a 1018-5941
|
| 040 |
|
|
|a BD-DhAAL
|c BD-DhAAL
|
| 100 |
1 |
|
|a Oppers, S.
|
| 245 |
1 |
2 |
|a A Model of the Bimetallic System /
|c S. Oppers.
|
| 264 |
|
1 |
|a Washington, D.C. :
|b International Monetary Fund,
|c 1995.
|
| 300 |
|
|
|a 1 online resource (30 pages)
|
| 490 |
1 |
|
|a IMF Working Papers
|
| 500 |
|
|
|a <strong>Off-Campus Access:</strong> No User ID or Password Required
|
| 500 |
|
|
|a <strong>On-Campus Access:</strong> No User ID or Password Required
|
| 506 |
|
|
|a Electronic access restricted to authorized BRAC University faculty, staff and students
|
| 520 |
3 |
|
|a This paper formalizes Irving Fisher's century-old model of bimetallism and adds the important 'disequilibrium' dynamics to deal with the long periods during which bimetallic countries were on effective monometallic standards. It resolves a long standing puzzle in the bimetallic literature regarding the remarkable stability of the gold/silver price ratio in the nineteenth century by modeling the bimetallic mint ratio as a regulating barrier to the gold/silver price ratio. It thus provides a clean-cut example of a target-zone model that-in contrast to other such models in the literature-exhibits the main predicted nonlinearities in the data. This is a Paper on Policy Analysis and Assessment and the author(s) would welcome any comments on the present text. Citations should refer to a Paper on Policy Analysis and Assessment of the International Monetary Fund, mentioning the author(s) and the date of issuance. The views expressed are those of the author(s) and do not necessarily represent those of the Fund.
|
| 538 |
|
|
|a Mode of access: Internet
|
| 830 |
|
0 |
|a IMF Working Papers; Working Paper ;
|v No. 1995/144
|
| 856 |
4 |
0 |
|z Full text available on IMF
|u http://elibrary.imf.org/view/journals/001/1995/144/001.1995.issue-144-en.xml
|z IMF e-Library
|